000 00495nam a2200169Ia 4500
008 240729s9999 xx 000 0 und d
022 _a2334-9905
245 0 _aTelfor Journal
260 _aSerbia
260 _bTelecommunications Society, Academic Mind
650 _a Electrical engineering. Electronics. Nuclear engineering
650 _a Telecommunication
650 _aTechnology
856 _uhttps://doaj.org/toc/9ddd7b14d57e4bc198803a4aaddccce5
942 _2ddc
942 _cDOAJEJ
999 _c68023
_d68023
945 _a1
_bMadushi Gamage
_c1
_dMadushi Gamage